000 00455nam a2200157 a 4500
005 20140412111322.0
008 010417s19uu xx 00 eng d
050 _aM 510
_bI11 1995
245 _aI can divide: flip fun numbers /
_cillustrated by Simone Abel.
260 _aLondon :
_bQuarto Children's Book,
_c1995.
300 _a1 v. (unp.) ; ill.
440 _aFlip Fun Numbers
650 _aMathematics
650 _aMultiplication
999 _c104438
_d104438